000 00941nam a2200217Ia 4500
003 Ost
005 20260507075642.0
008 260507s9999||||xx |||||||||||||| ||und||
040 _cfsecg
041 _aara
082 _a346.07
100 _aالعريني، محمد فريد
_eمؤلف
245 0 _aمبادئ القانون التجاري والبحري /
_c محمد فريد العريني
260 _aالإسكندرية:
_bالدار الجامعة الجديدة للنشر,
_c2003
300 _a426 صفحة؛
_bإيضاحات ؛
_c24 سم
520 _aنظرية الاعمال التجارية، نظرية التاجر، الشركات التجارية، نظرية الاعمال التجارية ، أنظمة النشاط التجاري
653 _aالقانون البحري
653 _aالقانون التجاري
700 _aدويدار، هاني محمد
_eمؤلف ثانوي
942 _cكتاب
999 _c45429
_d45429